1083 1166 1997 1343 1805 1321 1755 1938 1999 1753 1501 1227 1090 1036 1197 1580 1889 1656 1600 1781 1119 1109 1441 1976 1612 1813 1611 1932 1034 1380 1363 1511 1706 1137 1165 1710 1020 1160 1867 1902 1863 1590 1754 1175 1490 1018 1514 1105 1696 1525 1161 1147 1054 1644 1442 1399 1260 1778 1511 1802 1508 1854 1349 1241 1203 1908 1000 1547 1361 1976 1737 1108 1363 1011 1840 1875 1632 1368 1689 1027 1375 1256 1990 1430 1995 1154 1781 1729 1149 1018 1552 1335 1622 1165 1313 1202 1126 1062 1262 BCNSPRNW ULIB Ver.6.0+V

เปลี่ยนเป็นภาษาไทย

Change to English
 แสดงรายละเอียดบรรณานุกรม
  กลับหน้าหลัก

Brief Record : Get Marc (ISO 2709) : E-mail record : QR code < ปิดหน้าต่าง
LEADER : 00000nam 2200000uu 4500
001    13399125466
003     ULIB
008    170505s2559 th a b 000 0 tha d
020    ^a9786164070233
040    ^absi
060 04 ^aWL100^bB311
245 00 ^aBasic and clinical neuroscience 8 /^cบรรณาธิการ, ไอยวุฒิไทยพิสุทธิกุล ... [และคนอื่นๆ]
250    ^aพิมพ์ครั้งที่ 1
260    ^aกรุงเทพฯ :^bสาขาประสาทวิทยา ภาควิชาอายุรศาสตร์ คณะแพทยศาสตร์จุฬาลงกรณ์มหาวิทยาลัย,^c2559
300    ^a408 หน้า :^bภาพประกอบ ;^c26 ซม.
650  4 ^aประสาทวิทยา
650  4 ^aประสาทวิทยาศาสตร์
700 0  ^aไอยวุฒิ ไทยพิสุทธิกุล,^eบรรณาธิการ
710 2  ^aจุฬาลงกรณ์มหาวิทยาลัย.^bคณะแพทยศาสตร์.^bภาควิชาอายุรศาสตร์
945    ^p500^l0^i25132
945    ^p500^l0^i25133
945    ^p500^l0^i25134
945    ^p500^l0^i25135
945    ^p500^l0^i25136
995    ^aกัณชพร
999    ^aกัณชพร
รายการนี้ยังไม่มีแท็ก
คุณยังไม่ได้ล็อกอิน คุณสามารถมีกิจกรรมร่วมกับเว็บไซต์ได้ แต่ต้องล็อกอินก่อน ::
  ล็อกอิน

รายการสื่อสารสนเทศ

ลำดับที่ ประเภท เลขเรียก/บาร์โค้ด สถานที่ สถานะ
1. หนังสือสำรอง
หนังสือสำรอง
WL100 B311 ฉ.1 
  Barcode: 25132
ห้องสมุดวิทยาเขตนครสวรรค์
►หนังสือทั่วไป:l:General Books
บนชั้น
2. วิทยาศาสตร์การแพทย์ และสุขภาพ
วิทยาศาสตร์การแพทย์ และสุขภาพ
WL100 B311 ฉ.2 
  Barcode: 25133
ห้องสมุดวิทยาเขตนครสวรรค์
►หนังสือทั่วไป:l:General Books
บนชั้น
3. วิทยาศาสตร์การแพทย์ และสุขภาพ
วิทยาศาสตร์การแพทย์ และสุขภาพ
WL100 B311 ฉ.3 
  Barcode: 25134
ห้องสมุดวิทยาเขตนครสวรรค์
►หนังสือทั่วไป:l:General Books
บนชั้น
4. วิทยาศาสตร์การแพทย์ และสุขภาพ
วิทยาศาสตร์การแพทย์ และสุขภาพ
WL100 B311 ฉ.4 
  Barcode: 25135
ห้องสมุดวิทยาเขตนครสวรรค์
►หนังสือทั่วไป:l:General Books
บนชั้น
5. วิทยาศาสตร์การแพทย์ และสุขภาพ
วิทยาศาสตร์การแพทย์ และสุขภาพ
WL100 B311 ฉ.5 
  Barcode: 25136
ห้องสมุดวิทยาเขตนครสวรรค์
►หนังสือทั่วไป:l:General Books
บนชั้น

รายการใกล้เคียง
    หัวเรื่อง [ประสาทวิทยา]
    หัวเรื่อง [ประสาทวิทยาศาสตร์]

BibComment


ยังไม่เคยถูกคอมเมนท์

คอมเมนท์ทรัพยากรรายการนี้
  คอมเมนท์: Basic and clinic..


 Copyright 2026. Bcnsprnw @Library